| 000 | 00659nam a2200217 u 4500 | ||
|---|---|---|---|
| 005 | 20240229063556.0 | ||
| 008 | 160509s2005 r 000 0 eng d | ||
| 020 | _a8496388107 | ||
| 035 | _aUPN01000210199 | ||
| 049 | _aI | ||
| 050 | 4 |
_aPZ78 _bP7.63 |
|
| 100 | 1 |
_aPrestifilippo, Pablo, _d1960- _939040 |
|
| 245 | 1 | 1 |
_a¡Qué tontos son los camaleones! / _cPablo Prestifilippo. |
| 260 |
_aAndalucía, Esp. : _bKalandraka, _c2005. |
||
| 300 |
_a[36] p. : _bprincipalmente il. |
||
| 440 | 0 | _aLibros para soñar | |
| 650 | 4 |
_aLiteratura infantil argentina _97511 |
|
| 650 | 4 |
_aLibros y lectura para niños _92290 |
|
| 905 | _aInfantil | ||
| 999 |
_c182300 _d182300 |
||